PRÁCE VE SMÍŠENÉM ODDĚLENÍ

Podrobná bibliografia
Hlavný autor: Obršálová, Milada (Autor)
Médium: Článok
Jazyk:čeština

MARC

LEADER 00000nab a2200000uu 4500
001 vtls011141955
003 SK-MaSNL
005 20260303111229.0
008 230121| xo |||||||||||||||||cze|
015 |a SNBRB 
035 |a (urnnbn)urn:nbn:sk:snk:ar-008cyk 
035 |a (uuid)5e77bd36-95fa-49b5-9f52-234be7da8a2a 
035 |a urn:nbn:sk:snk-abatjo 
040 |a SNKBUCL  |b slo  |c SNKBUCL  |e AACR2 
041 0 |a cze 
044 |a xo  |c SK 
100 1 |a Obršálová, Milada  |4 aut  |9 1123652 
245 1 0 |a PRÁCE VE SMÍŠENÉM ODDĚLENÍ  |c Milada Obršálová 
773 0 |t Předškolní výchova  |g Roč. 5, č. 10 (1950-1951), s. 333-335 
954 |a odborná, vedecká literatúra cudzojazyčná (svetová)  |2 lita 
958 |a OND 
958 |a EUIPO 
958 |a article14 
999 |c 1875600  |d 1877530